Contribution à la connaissance des Trichoptères néotropicaux /

Hlavní autor: Schmid, Fernand
Jazyk: Francouzština
Vydáno: Lausanne : Société Vaudoise des Sciences Naturelles, 1955
Edice: Mémoires de la Société vaudoise des sciences naturelles
Fyzický popis: s. 118-160
Knihy
Uloženo v:
LEADER 00804nam a22002172a 4500
001 001679404
003 CZ BrMZK
005 20190509090400.0
007 ta
008 190417s1955 sz er|||||||||||fre d
040 |a BOA001  |b cze  |e aacr2 
100 1 |a Schmid, Fernand  |4 aut 
245 1 0 |a Contribution à la connaissance des Trichoptères néotropicaux /  |c Fernand Schmid 
260 |a Lausanne :  |b Société Vaudoise des Sciences Naturelles,  |c 1955 
300 |a s. 118-160 
490 1 |a Mémoires de la Société vaudoise des sciences naturelles ;  |v no. 69, vol. 11, fasc. 3 
830 0 |a Mémoires de la Société vaudoise des sciences naturelles 
910 |a BOA001  |b X-0364.416 
990 |a BK 
991 |b 201904 
996 7 |b 2618984206  |c X-0364.416  |l MZK  |r Sklad / do 24 hodin  |n 0  |w 001719518  |u 000010  |a 1  |e BOA001  |j MZK50  |s A